Normal view
MARC view
Entry Personal Name
001 - CONTROL NUMBER
- control field: 43059
003 - CONTROL NUMBER IDENTIFIER
- control field: dpl
005 - DATE AND TIME OF LATEST TRANSACTION
- control field: 20120227124505.0
008 - FIXED-LENGTH DATA ELEMENTS
- fixed length control field: 120227|||a|||||| | ||| d
040 ## - CATALOGING SOURCE
- Original cataloging agency: dpl
- Transcribing agency: dpl
100 ## - HEADING--PERSONAL NAME
- Personal name: Fleet, Connie Van
670 ## - SOURCE DATA FOUND
- Source citation: Work cat.: (dpl): Wallace, Danny P. 43058, Library evaluation :, 2005
670 ## - SOURCE DATA FOUND
- Source citation: Work cat.: (dpl): Wallace, Danny P. 43058, Library evaluation :, 2005
